FIFA 19 Best Football Teams - Statistics

General Stats
  • This quiz has been taken 1,640 times
  • The average score is 18 of 23
Answer Stats
Rank Team OVA ATT MID DEF % Correct
2 FC Barcelona 86 87 86 85
99%
5 Manchester City 85 85 87 83
99%
1 Real Madrid 86 84 89 86
99%
10 Manchester United 83 84 84 80
98%
3 FC Bayern Munich 85 90 85 85
97%
4 Juventus 85 89 85 85
95%
10 Liverpool 83 85 82 81
95%
9 Chelsea 83 84 85 82
94%
7 Paris Saint-Germain 84 86 84 82
94%
6 Atletico Madrid 84 87 83 84
93%
13 Arsenal 82 84 83 81
92%
19 Borussia Dortmund 80 81 80 79
92%
8 Tottenham Hotspur 83 89 83 82
91%
17 AC Milan 81 83 80 79
90%
12 Inter Milan 82 87 81 83
90%
13 SSC Napoli 82 84 82 82
75%
15 AS Roma 81 81 81 81
72%
18 Lazio 80 82 81 79
57%
15 Valencia CF 81 81 82 80
56%
21 FC Porto 80 79 80 79
52%
21 Bayer Leverkusen 80 79 80 79
38%
19 Villarreal 80 81 80 79
36%
23 Real Betis 80 78 80 78
17%
No matching quizzes found
Score Distribution
Percent of People with Each Score
Percentile by Number Answered
Your Score History
You have not taken this quiz